000 00296nam a2200109Ia 4500
005 20251222154304.0
008 251222s9999||||xx |||||||||||||| ||spa||
020 _a84-451-0303-2
082 _a465/C76
245 0 _a"Enfoque metodológico para la formación: dichos, hechos y trechos"
942 _cLIB
999 _c33157
_d33157